[Event "Altenkirchen Seniors op 19th"]
[Site "Altenkirchen"]
[Date "2022.07.21"]
[Round "3"]
[White "Paashaus, Detlef"]
[Black "Hassenrueck, Helmut"]
[Result "1-0"]
[WhiteElo "1964"]
[BlackElo "2143"]
[PlyCount "61"]
[EventDate "2022.07.19"]
[EventType "swiss"]
[EventRounds "9"]
[EventCountry "GER"]
[SourceTitle "CBM 209 Extra"]
[Source "ChessBase"]
[SourceDate "2022.09.30"]
[SourceVersion "1"]
[SourceVersionDate "2022.09.30"]
[SourceQuality "1"]

1. d4 Nf6 2. Nf3 e6 3. e3 c5 4. Bd3 d5 5. b3 Nc6 6. 0-0 Bd6 7. a3 0-0 8. Bb2 b6 9. Nbd2 Bb7 10. Ne5 Ne7 11. Rc1 Rc8 12. Qf3 Qc7 13. Qh3 Ng6 14. f4 Ne4 15. Ndf3 h6 16. Nxg6 fxg6 17. Qxe6+ Kh7 18. Qh3 Rce8 19. Bxe4 Bc8 20. Bxg6+ Kg8 21. Qh5 Rxe3 22. Ne5 Ba6 23. Rfe1 Rxe1+ 24. Rxe1 Rxf4 25. Nf7 Rxf7 26. Bxf7+ Qxf7 27. Re8+ Bf8 28. Qxf7+ Kxf7 29. Ra8 Be7 30. Rxa7 Bc8 31. dxc5 1-0

[Event "Altenkirchen Seniors op 19th"]
[Site "Altenkirchen"]
[Date "2022.07.20"]
[Round "2"]
[White "Hassenrueck, Helmut"]
[Black "Mortensen, Soren K"]
[Result "1-0"]
[WhiteElo "2143"]
[BlackElo "1802"]
[PlyCount "121"]
[EventDate "2022.07.19"]
[EventType "swiss"]
[EventRounds "9"]
[EventCountry "GER"]
[SourceTitle "CBM 209 Extra"]
[Source "ChessBase"]
[SourceDate "2022.09.30"]
[SourceVersion "1"]
[SourceVersionDate "2022.09.30"]
[SourceQuality "1"]

1. d4 Nf6 2. Nf3 g6 3. c4 Bg7 4. Nc3 0-0 5. e4 d6 6. Be2 e5 7. dxe5 dxe5 8. Qxd8 Rxd8 9. Bg5 Re8 10. Nd5 Nxd5 11. cxd5 c6 12. 0-0 cxd5 13. exd5 Bg4 14. Rfe1 Nd7 15. h3 Bxf3 16. Bxf3 Nb6 17. d6 h6 18. Be7 Bf8 19. Bxb7 Bxe7 20. Bxa8 Bxd6 21. Bf3 Bc5 22. Rac1 Bd4 23. b3 Re7 24. Rc6 Kf8 25. a4 a5 26. Rd1 Nd7 27. Rc8+ Kg7 28. Rc7 Kf6 29. Rdc1 Nb6 30. R1c6+ Re6 31. Rxe6+ Kxe6 32. Ra7 Nxa4 33. Rxa5 Nc3 34. Ra6+ Ke7 35. Kf1 e4 36. Be2 e3 37. fxe3 Bxe3 38. Bc4 Ne4 39. Ke2 Bg1 40. Ra1 Bc5 41. Kd3 Nd6 42. Re1+ Kd7 43. Bd5 Bb4 44. Ra1 Bc5 45. Ra4 f5 46. b4 Bb6 47. Ra8 Ke7 48. Ra1 f4 49. Re1+ Be3 50. Rxe3+ fxe3 51. Kxe3 Nc8 52. Kd4 Kd6 53. Bf7 g5 54. Ke4 Ke7 55. Bb3 Kf6 56. Kd5 Ke7 57. Kc6 Kd8 58. b5 h5 59. b6 Nxb6 60. Kxb6 g4 61. hxg4 1-0

[Event "GER-ch Seniors 65 31st"]
[Site "Radebeul"]
[Date "2019.04.30"]
[Round "5"]
[White "Hassenrueck, Helmut"]
[Black "Vasiljev, Jurij"]
[Result "1/2-1/2"]
[WhiteElo "2199"]
[BlackElo "2042"]
[PlyCount "102"]
[EventDate "2019.04.26"]
[EventType "swiss"]
[EventRounds "9"]
[EventCountry "GER"]
[SourceTitle "CBM 190 Extra"]
[Source "ChessBase"]
[SourceDate "2019.07.15"]
[SourceVersion "1"]
[SourceVersionDate "2019.07.15"]
[SourceQuality "1"]

1. d4 d5 2. Nf3 Nf6 3. c4 c6 4. Nc3 e6 5. e3 Nbd7 6. Bd3 dxc4 7. Bxc4 b5 8. Bd3 a6 9. e4 c5 10. e5 cxd4 11. Nxb5 Nxe5 12. Nxe5 axb5 13. Bxb5+ Bd7 14. Nxd7 Qa5+ 15. Bd2 Qxb5 16. Nxf8 Kxf8 17. a4 Qb7 18. 0-0 h6 19. b4 g6 20. Bf4 Qd5 21. Rc1 Ne4 22. Re1 g5 23. Bc7 d3 24. Re3 d2 25. Rc2 Rxa4 26. Rxe4 Ra1 27. Qxa1 d1Q+ 28. Re1 Qxa1 29. Rxa1 Kg7 30. Rc5 Qb3 31. b5 Ra8 32. Rac1 Qb4 33. h3 f6 34. b6 Ra2 35. Rc6 e5 36. Bd8 Qd4 37. Bxf6+ Kf7 38. Rf1 Rb2 39. Bh8 h5 40. Bf6 g4 41. hxg4 hxg4 42. Bh4 Rxb6 43. Rxb6 Qxb6 44. Re1 e4 45. Kh2 Qd6+ 46. Bg3 Qc6 47. Bf4 Kg6 48. Kg3 Kf5 49. Rc1 Qb6 50. Rc3 Qd4 51. Ra3 Qb4 1/2-1/2

[Event "GER-ch Seniors 65 31st"]
[Site "Radebeul"]
[Date "2019.04.29"]
[Round "4"]
[White "Lutz, Albert"]
[Black "Hassenrueck, Helmut"]
[Result "1-0"]
[WhiteElo "2138"]
[BlackElo "2199"]
[PlyCount "79"]
[EventDate "2019.04.26"]
[EventType "swiss"]
[EventRounds "9"]
[EventCountry "GER"]
[SourceTitle "CBM 190 Extra"]
[Source "ChessBase"]
[SourceDate "2019.07.15"]
[SourceVersion "1"]
[SourceVersionDate "2019.07.15"]
[SourceQuality "1"]

1. Nf3 Nf6 2. c4 e6 3. d4 b6 4. Nc3 Bb4 5. Qc2 Bb7 6. e3 Ne4 7. Nd2 Bxc3 8. bxc3 f5 9. Nxe4 Bxe4 10. Qb3 Qh4 11. Ba3 Nc6 12. Qb2 d6 13. 0-0-0 Na5 14. d5 f4 15. f3 Bg6 16. e4 0-0 17. Bd3 exd5 18. cxd5 Rfd8 19. Ba6 Rab8 20. Qe2 Be8 21. c4 Ba4 22. Rd2 Nb7 23. Bb2 Nc5 24. Bb5 a6 25. Bxa4 Nxa4 26. Bd4 b5 27. Rc2 b4 28. e5 dxe5 29. Qxe5 Rd7 30. Qe6+ Rf7 31. c5 b3 32. axb3 Rxb3 33. Qe8+ Rf8 34. Qxa4 Rfb8 35. Rb2 Rxb2 36. Bxb2 Qe7 37. Qd4 Rb5 38. d6 cxd6 39. cxd6 Qf7 40. Rd1 1-0

[Event "GER-ch Seniors 65 31st"]
[Site "Radebeul"]
[Date "2019.04.28"]
[Round "3"]
[White "Hassenrueck, Helmut"]
[Black "Walther, Reinhard"]
[Result "1-0"]
[WhiteElo "2199"]
[BlackElo "2042"]
[PlyCount "59"]
[EventDate "2019.04.26"]
[EventType "swiss"]
[EventRounds "9"]
[EventCountry "GER"]
[SourceTitle "CBM 190 Extra"]
[Source "ChessBase"]
[SourceDate "2019.07.15"]
[SourceVersion "1"]
[SourceVersionDate "2019.07.15"]
[SourceQuality "1"]

1. d4 c5 2. d5 g6 3. e4 Bg7 4. Nf3 d6 5. Bb5+ Nd7 6. a4 Ngf6 7. Nc3 0-0 8. 0-0 Nh5 9. Re1 Ne5 10. Nxe5 Bxe5 11. Bh6 Ng7 12. f4 Bd4+ 13. Kh1 e6 14. Qf3 a6 15. Bc4 Qc7 16. Rad1 Re8 17. e5 Nf5 18. Bg5 dxe5 19. Ne4 exf4 20. c3 Be5 21. d6 Qc6 22. Bf6 Bxd6 23. Nxd6 Qxf3 24. gxf3 Nxd6 25. Rxd6 e5 26. Rxe5 Bh3 27. Rxe8+ Rxe8 28. Rd8 Kf8 29. Rxe8+ Kxe8 30. Bg5 1-0

[Event "Ruhrgebiet Verbandsliga Gruppe 2 1819"]
[Site "Nordrheinwestfalen"]
[Date "2019.03.24"]
[Round "8.2"]
[White "Hassenrueck, Helmut"]
[Black "Roth, Markus"]
[Result "0-1"]
[WhiteElo "2124"]
[BlackElo "2171"]
[PlyCount "52"]
[EventDate "2018.09.23"]
[EventType "team-tourn"]
[EventRounds "9"]
[EventCountry "GER"]
[SourceTitle "EXT 2022"]
[Source "ChessBase"]
[SourceDate "2021.10.06"]
[SourceVersion "1"]
[SourceVersionDate "2021.10.06"]
[SourceQuality "1"]
[WhiteTeam "Gladbeck SG"]
[BlackTeam "Essen Werden"]
[WhiteTeamCountry "GER"]
[BlackTeamCountry "GER"]

1. d4 d5 2. Nf3 Nf6 3. c4 dxc4 4. e3 Bg4 5. Bxc4 e6 6. h3 Bh5 7. Nc3 Nc6 8. g4 Bg6 9. Bb5 Bd6 10. Qa4 0-0 11. Bxc6 bxc6 12. Qxc6 Rb8 13. 0-0 Nd5 14. a3 Rb6 15. Qc4 Nxc3 16. bxc3 Be4 17. Qe2 f5 18. Nd2 Qh4 19. Nxe4 fxe4 20. Kg2 Rf3 21. Rh1 Rb8 22. Bd2 Rb2 23. Qe1 Bg3 24. fxg3 Rxd2+ 25. Kg1 Rxg3+ 26. Kf1 Qf6+ 0-1

[Event "Ruhrgebiet Verbandsliga Gruppe 2 1718"]
[Site "Germany"]
[Date "2018.01.14"]
[Round "5.1"]
[White "Hassenrueck, Helmut"]
[Black "Walter, Andreas"]
[Result "1-0"]
[WhiteElo "2044"]
[BlackElo "2131"]
[PlyCount "57"]
[EventDate "2017.09.17"]
[EventType "team-tourn"]
[EventRounds "9"]
[EventCountry "GER"]
[SourceTitle "EXT 2022"]
[Source "ChessBase"]
[SourceDate "2021.10.06"]
[SourceVersion "1"]
[SourceVersionDate "2021.10.06"]
[SourceQuality "1"]
[WhiteTeam "Gladbeck SG"]
[BlackTeam "Muelheim Nord III"]
[WhiteTeamCountry "GER"]
[BlackTeamCountry "GER"]

1. d4 d5 2. Nf3 Nf6 3. c4 c6 4. Nc3 e6 5. e3 Nbd7 6. Bd3 dxc4 7. Bxc4 b5 8. Bd3 Bd6 9. 0-0 0-0 10. b3 Bb7 11. Bb2 a6 12. a4 b4 13. Ne4 Nxe4 14. Bxe4 f5 15. Bd3 c5 16. Bc4 Qe7 17. Rc1 Rfd8 18. Qe2 Kh8 19. Rfd1 e5 20. dxe5 Nxe5 21. Nxe5 Bxe5 22. Rxd8+ Rxd8 23. Bxe5 Qxe5 24. Bxa6 Bxa6 25. Qxa6 Qc3 26. Rxc3 bxc3 27. Qe2 Rd2 28. Qe1 Rb2 29. Qc1 1-0

[Event "MVP-ch Seniors op 17th"]
[Site "Binz"]
[Date "2017.12.05"]
[Round "7.23"]
[White "Hassenrueck, Helmut"]
[Black "Nuenchert, Reinhard"]
[Result "1-0"]
[WhiteElo "2173"]
[BlackElo "1935"]
[PlyCount "97"]
[EventDate "2017.11.29"]
[EventType "swiss"]
[EventRounds "9"]
[EventCountry "GER"]
[SourceTitle "EXT 2019"]
[Source "ChessBase"]
[SourceDate "2018.10.10"]
[SourceVersion "1"]
[SourceVersionDate "2018.10.10"]
[SourceQuality "1"]

1. d4 d5 2. Nf3 Nf6 3. c4 e6 4. Nc3 Be7 5. Bf4 c6 6. e3 0-0 7. h3 Ne4 8. Nxe4 dxe4 9. Nd2 f5 10. Qc2 Nd7 11. g4 Nf6 12. gxf5 exf5 13. Rg1 Kh8 14. 0-0-0 Be6 15. Kb1 b5 16. Nb3 bxc4 17. Bxc4 Bd5 18. Be5 Bxc4 19. Qxc4 Qd5 20. Rc1 Rac8 21. Nc5 Rfe8 22. Ne6 Bf8 23. Nxf8 Rxf8 24. Qf1 Qd7 25. Rc5 Rf7 26. Qc4 Nd5 27. Rc1 Nb6 28. Qc2 h6 29. Rxc6 Rxc6 30. Qxc6 Qxc6 31. Rxc6 Kh7 32. Kc2 Nd5 33. a3 f4 34. exf4 Nxf4 35. Rc7 Rxc7+ 36. Bxc7 Nxh3 37. d5 Kg6 38. d6 Nf4 39. d7 Ne6 40. d8Q Nxd8 41. Bxd8 Kf5 42. Kd2 g5 43. Ke3 h5 44. b4 h4 45. b5 h3 46. Bc7 Ke6 47. Kxe4 g4 48. Bg3 Kd7 49. Kd5 1-0

[Event "MVP-ch Seniors op 17th"]
[Site "Binz"]
[Date "2017.11.29"]
[Round "1.5"]
[White "Hassenrueck, Helmut"]
[Black "Selten, Ton"]
[Result "0-1"]
[WhiteElo "2173"]
[BlackElo "1853"]
[PlyCount "82"]
[EventDate "2017.11.29"]
[EventType "swiss"]
[EventRounds "9"]
[EventCountry "GER"]
[SourceTitle "EXT 2019"]
[Source "ChessBase"]
[SourceDate "2018.10.10"]
[SourceVersion "1"]
[SourceVersionDate "2018.10.10"]
[SourceQuality "1"]

1. d4 Nf6 2. Nf3 d6 3. c4 g6 4. Nc3 Bg7 5. e4 0-0 6. Be2 e5 7. 0-0 Nc6 8. d5 Ne7 9. b4 a5 10. bxa5 Rxa5 11. a4 Ne8 12. Nd2 f5 13. Nb3 Ra8 14. a5 Nf6 15. f3 f4 16. c5 g5 17. Ba3 Ng6 18. Nb5 Ne8 19. Rc1 Rf7 20. Rc3 h5 21. cxd6 cxd6 22. Qc2 Bf8 23. Rc1 Bd7 24. Nc7 Nxc7 25. Rxc7 g4 26. Rxb7 Qg5 27. fxg4 hxg4 28. Qd2 Bh6 29. Rcc7 Qh4 30. Bf1 g3 31. h3 f3 32. Rxd7 Rxd7 33. Rxd7 Bxd2 34. Nxd2 Rxa5 35. Rxd6 Rxa3 36. Rxg6+ Kf7 37. Rg4 Qf6 38. gxf3 Rxf3 39. Bc4 Qb6+ 40. Kh1 Rf2 41. d6+ Kf6 0-1

[Event "GER-chT Seniors 26th"]
[Site "Templin"]
[Date "2017.09.25"]
[Round "1.3"]
[White "Valet, Richard"]
[Black "Hassenrueck, Helmut"]
[Result "0-1"]
[WhiteElo "2023"]
[BlackElo "2167"]
[PlyCount "80"]
[EventDate "2017.09.25"]
[EventType "team-swiss"]
[EventRounds "7"]
[EventCountry "GER"]
[SourceTitle "EXT 2019"]
[Source "ChessBase"]
[SourceDate "2018.10.10"]
[SourceVersion "1"]
[SourceVersionDate "2018.10.10"]
[SourceQuality "1"]
[WhiteTeam "Mecklenburg Vorpommern"]
[BlackTeam "Nordrhein Westfalen"]
[WhiteTeamCountry "GER"]
[BlackTeamCountry "GER"]

1. e4 e5 2. Nf3 Nc6 3. Bc4 Nf6 4. d3 Bc5 5. c3 0-0 6. 0-0 d5 7. exd5 Nxd5 8. d4 exd4 9. cxd4 Be7 10. Nc3 Nb6 11. Bb3 Bg4 12. Be3 Bf6 13. h3 Bh5 14. g4 Bg6 15. d5 Na5 16. Bc5 Re8 17. Nd4 Nxb3 18. Qxb3 Nd7 19. Qc4 Ne5 20. Qb3 Nd3 21. Qc4 Nxb2 22. Qb3 Nd3 23. Qc4 Nf4 24. Nf5 Bxc3 25. Qxf4 Bxa1 26. Rxa1 Bxf5 27. Qxf5 Qf6 28. Qxf6 gxf6 29. Bd4 Rad8 30. Rc1 Rxd5 31. Bxf6 c5 32. Rc2 h5 33. Kg2 Kh7 34. Kg3 Kg6 35. g5 Kf5 36. Rc3 b5 37. Rf3+ Kg6 38. Ra3 Rd7 39. f4 c4 40. Rf3 Kf5 0-1

[Event "Schleswig Holstein-ch Seniors op 11th"]
[Site "Buesum"]
[Date "2017.09.08"]
[Round "1"]
[White "Hassenrueck, Helmut"]
[Black "Alvarez, Luis"]
[Result "1-0"]
[WhiteElo "2167"]
[BlackElo "1849"]
[PlyCount "69"]
[EventDate "2017.09.08"]
[EventType "swiss"]
[EventRounds "9"]
[EventCountry "GER"]
[SourceTitle "EXT 2019"]
[Source "ChessBase"]
[SourceDate "2018.10.10"]
[SourceVersion "1"]
[SourceVersionDate "2018.10.10"]
[SourceQuality "1"]

1. d4 d5 2. Nf3 Nf6 3. c4 e6 4. Nc3 c6 5. e3 Bd6 6. Bd3 dxc4 7. Bxc4 Nbd7 8. e4 Bb4 9. Qc2 h6 10. 0-0 0-0 11. a3 Ba5 12. Rd1 b5 13. Ba2 a6 14. e5 Nd5 15. Ne4 Ne7 16. Be3 Bc7 17. Rac1 Bb7 18. Ng3 Re8 19. Bb1 Nf8 20. Qe4 Nd5 21. Bd2 f5 22. exf6 Nxf6 23. Qe2 Bd6 24. Ne5 Rc8 25. Ne4 Nd5 26. Qf3 Bxe5 27. dxe5 Re7 28. Qg4 Kh8 29. Bb4 c5 30. Bxc5 Rec7 31. Bxf8 Qxf8 32. Rxc7 Rxc7 33. Nd6 Nf4 34. Nxb7 Rxb7 35. g3 1-0

[Event "Ruhrgebiet Verbandsliga Gruppe 2 1617"]
[Site "Germany"]
[Date "2016.12.18"]
[Round "5.1"]
[White "Happel, Heiner"]
[Black "Hassenrueck, Helmut"]
[Result "1-0"]
[WhiteElo "2168"]
[BlackElo "2083"]
[PlyCount "77"]
[EventDate "2016.09.04"]
[EventType "team-tourn"]
[EventRounds "9"]
[EventCountry "GER"]
[SourceTitle "EXT 2022"]
[Source "ChessBase"]
[SourceDate "2021.10.06"]
[SourceVersion "1"]
[SourceVersionDate "2021.10.06"]
[SourceQuality "1"]
[WhiteTeam "Hamm Koenigsspringer"]
[BlackTeam "Gladbeck SG"]
[WhiteTeamCountry "GER"]
[BlackTeamCountry "GER"]

1. c4 Nf6 2. Nc3 e6 3. Nf3 Bb4 4. g3 0-0 5. Bg2 d5 6. Qb3 c5 7. a3 Ba5 8. 0-0 d4 9. Na4 Nbd7 10. d3 e5 11. Qc2 Qe7 12. Nxc5 Nxc5 13. b4 Bb6 14. bxc5 Bxc5 15. Nd2 Bf5 16. Nb3 Bb6 17. a4 Rfe8 18. a5 Bc5 19. Nxc5 Qxc5 20. Bxb7 Rab8 21. Bg2 e4 22. Bf4 Rb7 23. Rfb1 Rxb1+ 24. Qxb1 exd3 25. exd3 Ng4 26. Qb5 Qc8 27. c5 Re2 28. Rf1 Ne5 29. Bxe5 Rxe5 30. Rc1 h5 31. Qc4 Qe8 32. Rf1 Qd8 33. c6 Rxa5 34. c7 Qe8 35. Bb7 Bc8 36. Bxc8 Qxc8 37. Rb1 Kh7 38. Rb8 Qh3 39. c8Q 1-0

[Event "Ruhrgebiet Verbandsliga Gruppe 2 1617"]
[Site "Germany"]
[Date "2016.10.30"]
[Round "3.1"]
[White "Hassenrueck, Helmut"]
[Black "Adiyaman, Rene"]
[Result "1-0"]
[WhiteElo "2083"]
[BlackElo "2068"]
[PlyCount "31"]
[EventDate "2016.09.04"]
[EventType "team-tourn"]
[EventRounds "9"]
[EventCountry "GER"]
[SourceTitle "EXT 2022"]
[Source "ChessBase"]
[SourceDate "2021.10.06"]
[SourceVersion "1"]
[SourceVersionDate "2021.10.06"]
[SourceQuality "1"]
[WhiteTeam "Gladbeck SG"]
[BlackTeam "Welper SV II"]
[WhiteTeamCountry "GER"]
[BlackTeamCountry "GER"]

1. d4 d5 2. Nf3 Nf6 3. c4 c6 4. Nc3 dxc4 5. e4 b5 6. e5 Nd5 7. a4 Nxc3 8. bxc3 e6 9. Ng5 Be7 10. Qh5 g6 11. Qh6 Bf8 12. Qh3 Bg7 13. axb5 h6 14. Ne4 Bd7 15. Nd6+ Ke7 16. Ba3 1-0